Mario or Mari-No? Quiz Stats

 Plays Quiz Updated Oct 23, 2015

Score 0/20 Timer 05:00
1 Play Today
Statement T or F? % Correct
In Super Mario 64, the voice of the Boos are just Bowser's voice sped up.???
67.4%
Quincy, MA resident Andrew Gardikis has completed Super Mario Bros. in 4 minutes, 58 seconds.???
67%
In the Japanese version of Mario Kart, Bowser and the Princess drink champagne after winning a race.???
62.7%
Kamek was supposed to be a character in Mario Kart 64, but was replaced by Donkey Kong.???
61.9%
The composer of the music from Yoshi's Story is also the voice of Yoshi.???
61.4%
Bowser's fireball is backwards in Super Mario Bros.; The trailing flames are at the front.???
60%
Shigeru Miyamoto was not involved in the development of Super Mario Land.???
58.6%
If Super Mario Sunshine is beaten without collecting all 120 Shine Sprites, Il Piantissimo is shown finding Bowser Jr.'s Magic Paintbrush.???
58.1%
Bowser was originally intended to be an ox.???
55.3%
If one waits long enough in 'Super Mario Bros.', the Hammer Bros. will chase you instead of attacking you from a distance.???
54.6%
Statement T or F? % Correct
Luigi was originally going to be a girl named Lucille.???
52.2%
Mario was named after Shigeru Miyamoto's son's pet rat???
51.3%
If you let your character drive around the track 10 times after completing a race in Mario Kart Wii, the Japanese national anthem will play.???
50.4%
Bowser is Japanese for 'ugly one'.???
50.1%
Link, Olimar, & Samus were supposed to be playable characters in New Super Mario Bros. U.???
48.3%
Super Mario Bros. was released on Easter Day in Japan.???
42.6%
Super Mario Galaxy's music was composed by Jeff Lynne.???
42.2%
In Saturday Supercade's Donkey Kong shorts, Mario was voiced by Ralph Wright, the voice of Eeyore in 'The Many Adventures of Winnie-the-Pooh.'???
38%
Toad is currently voiced by a 56 year-old man.???
34.5%
Cooper Reeves of Sullivan, IL has 58 tattoos of characters & items in the Mario franchise.???
33.1%

You're not logged in!

Compare scores with friends on all Sporcle quizzes.
OR
Log In

Show Comments

Extras

Top Quizzes Today


Score Distribution

Your Account Isn't Verified!

In order to create a playlist on Sporcle, you need to verify the email address you used during registration. Go to your Sporcle Settings to finish the process.

Report this User

Report this user for behavior that violates our Community Guidelines.

Details: